000 00326nam a2200133Ia 4500
008 240624s9999 xx 000 0 und d
041 _aeng
082 _a005.57 DAL
100 _aQUANTUMPM
245 _aMICROSOFT PROJECT 2010 IN DEPTH
260 _c2011
_aUSA
_bQUE
300 _axviii, : 959 : p. : cm. ; 23
365 _c
_b30
999 _c19641
_d19641